Normal view
MARC view
Entry Uniform Title
001 - CONTROL NUMBER
- control field: 53528
003 - CONTROL NUMBER IDENTIFIER
- control field: dpl
005 - DATE AND TIME OF LATEST TRANSACTION
- control field: 20121105112810.0
008 - FIXED-LENGTH DATA ELEMENTS
- fixed length control field: 121105|||a|||||| | ||| d
040 ## - CATALOGING SOURCE
- Original cataloging agency: dpl
- Transcribing agency: dpl
130 ## - HEADING--UNIFORM TITLE
- Uniform title: Stories of Tenali Raman
670 ## - SOURCE DATA FOUND
- Source citation: Work cat.: (dpl)60610: The miserly carpenter :
670 ## - SOURCE DATA FOUND
- Source citation: Work cat.: (dpl)60610: The miserly carpenter :
